00738nam a2200181Ia 4500003000200000005001700002008004100019050003100060100002900091245014400120260008500264300002800349504004100377650003700418650002200455650004100477650003800518020250114120831.0161205s9999 xx 000 0 und d aPHS LB 1139.23b.V152 2015 aValencia, Nicole Allyson aPhysical presence of parents and decision making of grade 10 Southville International School and Colleges studentscNicole Allyson Valencia aLas Piñas, Philippines :bSouthville International School and Colleges,c2015. a25 p. :bill. ;c28 cm. aIncludes bibliographical references. aParental involvementvEducation. aParent and child. aParentingvInfluence on adolescents. aHigh school studentsvPsychology.